Adiestramiento elemental para músicos

Salvato in:
Dettagli Bibliografici
Autore principale: Hindemith, Paul (Autore)
Natura: Libro
Lingua:spagnolo
Pubblicazione: Buenos Aires Ricordi Americana 1980
Soggetti:
Tags: Aggiungi Tag
Nessun Tag, puoi essere il primo ad aggiungerne!!

MARC

LEADER 00000nam a2200000 a 4500
001 UCN2622
003 CL-VaPUC
005 20241202144704.0
008 010531e19800000AG |||||||||||||||||spa|d
999 |c 295677  |d 295675 
040 |c Pontificia Universidad Católica de Valparaíso 
082 0 4 |a 780.76 HIN 1980  |2 21 
100 0 |a Hindemith, Paul  |e author  |9 456920 
245 1 0 |a Adiestramiento elemental para músicos 
260 |a Buenos Aires  |b Ricordi Americana  |c 1980 
300 |a 233 p 
583 |a last modification  |c 20010531 00:00:00  |k Rodrigo Vera 
650 0 |a Música estudio e instrucción   |9 306355 
650 0 |a Ritmo musical  |9 331786 
650 0 |a Melodía  |2 CL-VaPUC  |9 416978 
942 |c BK  |2 ddc 
945 |d 20010531 00:00:00  |a crobeson 
952 |0 0  |1 0  |4 0  |6 780_760000000000000_HIN_1980  |7 0  |8 A  |9 348979  |a BIBEDU  |b BIBEDU  |d 2019-11-20  |i 1184415  |o 780.76 HIN 1980  |p 1184415  |r 2023-03-20  |w 2019-11-20  |y BK  |k MUS 
952 |0 0  |1 0  |4 0  |6 780_760000000000000_HIN_1980  |7 0  |8 A  |9 348980  |a BIBEDU  |b BIBEDU  |d 2019-11-20  |i 1184423  |l 2  |o 780.76 HIN 1980  |p 1184423  |r 2024-08-30  |s 2024-08-28  |w 2019-11-20  |y BK  |k MUS